• 首页
  • 本馆介绍
  • 公告通知
  • 最新文献
  • 馆藏检索
  • 电子资源
  • 读者导购
  • 参考咨询
  • 我的图书馆
  • 登录
  • 详细信息显示
  • 放入我的书架
  • 预约/预借图书
  • 作者相关作品
  • 分类相关作品
  • 丛书相关作品
  • 出版社相关作品

书目信息

  • 表格格式
  • 工作单格式
  • 卡片格式
题名:
WTO争端解决机制法律和实践问题研究
    
 
作者: 葛壮志 著
分册:  
出版信息: 北京   法律出版社  2013.03
页数: 436页
开本: 21cm
丛书名: 辽宁大学法学学术文库
单 册:
中图分类: F743 , D996.1
科图分类:
主题词: 国际贸易 , 国际争端 , 贸易法
电子资源:
ISBN: 978-7-5118-4150-6
000 01303oam2 2200349 450
001 012013050928
005 20130608085417.12
010    @a978-7-5118-4150-6@dCNY38.00
100    @a20130503d2013 em y0chiy0110 ea
101 0  @achi
102    @aCN@b110000
105    @ak z 000yy
106    @ar
200 1  @aWTO争端解决机制法律和实践问题研究@9WTO zheng duan jie jue ji zhi fa lu^ he shi jian wen ti yan jiu@f葛壮志著
210    @a北京@c法律出版社@d2013.03
215    @a436页@d21cm
225 2  @a辽宁大学法学学术文库
300    @a教育部人文社会科学研究青年基金项目(项目标号12YJC820027)的阶段性研究成果 “特色学科建设工程”立项重点课题资助
330    @a本书在充公占有国内外研究成果和全部WTO争端解决案例的基础上,将DSU的法律研究、WTO争端案例的研究和WTO法律规则的研究三者有机结合起来,通过文献分析、比较分析、特别是案例分析等多种方法,分析了WTO争端解决机制的法律和实践问题。
333    @a法律工作者
461  0 @12001 @a辽宁大学法学学术文库
601 02 @a世界贸易组织@x国际贸易@x国际争端@x研究
601 02 @a世界贸易组织@x贸易法@x研究
601 02 @a世界贸易组织
606 0  @a国际贸易
606 0  @a国际争端
606 0  @a贸易法
690    @aF743@v5
690    @aD996.1@v5
701  0 @a葛壮志@9ge zhuang zhi@f(1972-)@4著
801  0 @aCN@b人天书店@c20130503
905    @dF743@e141
    
    WTO争端解决机制法律和实践问题研究/葛壮志著.-北京:法律出版社,2013.03
    436页;21cm.-(辽宁大学法学学术文库)
    教育部人文社会科学研究青年基金项目(项目标号12YJC820027)的阶段性研究成果 “特色学科建设工程”立项重点课题资助.-使用对象:法律工作者
    
    ISBN 978-7-5118-4150-6:CNY38.00
    本书在充公占有国内外研究成果和全部WTO争端解决案例的基础上,将DSU的法律研究、WTO争端案例的研究和WTO法律规则的研究三者有机结合起来,通过文献分析、比较分析、特别是案例分析等多种方法,分析了WTO争端解决机制的法律和实践问题。
●
相关链接 在E读中查询图书 在五车中查询图书 在当当中查询图书 在豆瓣中查询图书


正题名:WTO争端解决机制法律和实践问题研究     索取号:F743/141         预约/预借

序号 登录号 条形码 馆藏地/架位号 状态 备注
1 0544159   205441592   第一样本阅览室/ [索取号:F743/141] 在馆    
2 0544160   205441609   第一借阅区/ [索取号:F743/141] 在馆    
3 0544161   205441618   第一借阅区/ [索取号:F743/141] 在馆    
4 0544162   205441627   第一借阅区/ [索取号:F743/141] 在馆    
5 0544163   205441636   第一借阅区/ [索取号:F743/141] 在馆    
唐山师范学院图书馆 欢迎您!
大连网信软件有限公司© 版权所有